• 首页
  • 本馆介绍
  • 公告通知
  • 最新文献
  • 馆藏检索
  • 电子资源
  • 读者导购
  • 参考咨询
  • 我的图书馆
  • 登录
  • 详细信息显示
  • 放入我的书架
  • 预约/预借图书
  • 作者相关作品
  • 分类相关作品
  • 丛书相关作品
  • 出版社相关作品

书目信息

  • 表格格式
  • 工作单格式
  • 卡片格式
题名:
海洋生态文明建设及制度体系研究
    
 
作者: 关道明 , 马明辉 , 许妍 著
分册:  
出版信息: 北京   海洋出版社  2016.12
页数: 154页
开本: 23cm
丛书名:
单 册:
中图分类: X145
科图分类:
主题词: 海洋环境--生态环境建设--研究--中国
电子资源:
ISBN: 978-7-5027-9687-7
000 01009nam0 2200241 450
001 29
005 20180920163602.93
010    @a978-7-5027-9687-7@dCNY58.00
100    @a20170802d2016 em y0chiy50 ea
101 0  @achi
102    @aCN@b110000
105    @aa z 000yy
200 1  @a海洋生态文明建设及制度体系研究@9hai yang sheng tai wen ming jian she ji zhi du ti xi yan jiu@f关道明,马明辉,许妍等著
210    @a北京@c海洋出版社@d2016.12
215    @a154页@c图@d23cm
330    @a本书以分析当前海洋生态环境和海洋管理状况为切入点,总结“十五”以来海洋生态环境的变化趋势和海洋管理面临的形势,结合海洋生态文明理论体系研究,系统构建海洋生态文明制度体系框架,提出“十三五”海洋生态文明建设的总体布局和重点任务。期冀通过本研究为推进我国海洋生态文明建设做出贡献。
606 0  @a海洋环境@x生态环境建设@x研究@y中国
690    @aX145@v5
701  0 @a关道明@9guan dao ming@4著
701  0 @a马明辉@9ma ming hui@4著
701  0 @a许妍@9xu yan@4著
801  0 @aCN@b91MARC@c20170802
905    @aMuseLib@dX145@e236
    
    海洋生态文明建设及制度体系研究/关道明,马明辉,许妍等著.-北京:海洋出版社,2016.12
    154页:图;23cm
    
    
    ISBN 978-7-5027-9687-7:CNY58.00
    本书以分析当前海洋生态环境和海洋管理状况为切入点,总结“十五”以来海洋生态环境的变化趋势和海洋管理面临的形势,结合海洋生态文明理论体系研究,系统构建海洋生态文明制度体系框架,提出“十三五”海洋生态文明建设的总体布局和重点任务。期冀通过本研究为推进我国海洋生态文明建设做出贡献。
●
相关链接 在E读中查询图书 在五车中查询图书 在当当中查询图书 在豆瓣中查询图书


正题名:海洋生态文明建设及制度体系研究     索取号:X145/236         预约/预借

序号 登录号 条形码 馆藏地/架位号 状态 备注
1 1117884   211178848   第二样本阅览室/ [索取号:X145/236] 在馆    
2 1117885   211178857   第三借阅区/ [索取号:X145/236] 在馆    
3 1117886   211178866   第三借阅区/ [索取号:X145/236] 在馆    
4 1117887   211178875   第三借阅区/ [索取号:X145/236] 在馆    
5 1117888   211178884   第三借阅区/ [索取号:X145/236] 在馆    
唐山师范学院图书馆 欢迎您!
大连网信软件有限公司© 版权所有